Understanding growth and poverty: theory, policy and empirics (Record no. 60693)

MARC details
000 -LEADER
fixed length control field 00711nam a2200181 a 4500
008 - FIXED-LENGTH DATA ELEMENTS--GENERAL INFORMATION
fixed length control field 160419s2011 ||||||||||||||||| || u
020 ## - INTERNATIONAL STANDARD BOOK NUMBER
International Standard Book Number 9780821369531
050 ## - LIBRARY OF CONGRESS CALL NUMBER
Classification number HC 79.P6 Nal
100 ## - MAIN ENTRY--PERSONAL NAME
Personal name Nallari, Raj
245 10 - TITLE STATEMENT
Title Understanding growth and poverty: theory, policy and empirics
Statement of responsibility, etc. By Raj Nallari and Breda Griffith
260 ## - PUBLICATION, DISTRIBUTION, ETC.
Place of publication, distribution, etc. Washington D.C
Name of publisher, distributor, etc. The International Bank for Reconstruction
Date of publication, distribution, etc. 2011
300 ## - PHYSICAL DESCRIPTION
Extent xxii, 498p.ill.
350 ## - PRICE (NR) (BK AM CF MU VM SE) [OBSOLETE]
Price 25.00
650 ## - SUBJECT ADDED ENTRY--TOPICAL TERM
Topical term or geographic name entry element POVERTY
650 #0 - SUBJECT ADDED ENTRY--TOPICAL TERM
Topical term or geographic name entry element ECONOMIC DEVELOPMENT
650 ## - SUBJECT ADDED ENTRY--TOPICAL TERM
Topical term or geographic name entry element DEVELOPMENT ECONOMICS
995 ## - RECOMMENDATION 995 [LOCAL, UNIMARC FRANCE]
-- CBU-MAIN LIBRARY (Kitwe)
-- 25.00
-- 1
-- AVAILABLE
-- Apr 21, 2016
-- Main Library Open Access Collection
Holdings
Withdrawn status Lost status Source of classification or shelving scheme Damaged status Not for loan Home library Current library Shelving location Date acquired Total Checkouts Full call number Barcode Date last seen Price effective from Koha item type
          CBU-MAIN LIBRARY, KITWE. CBU-MAIN LIBRARY, KITWE.   11/30/2022   HC 79.P6 Nal 746143 11/30/2022 11/30/2022 MONOGRAPH